000 00429nam a22001577a 4500
003 0
005 20230620134836.0
008 230620b xxu||||| |||| 00| 0 eng d
020 _a978-981-472-992-5
082 _aER
_b.Bu931 2012
245 _aIzzy: The ice cream fairy
_cBugbird, Tim
260 _aNew York
_bScholastic, Inc.
_c2012
300 _aunnumbered pages
_bcol. ill.
_c23cm.
500 _aFairies.
942 _2ddc
_cER
999 _c365059
_d365059